00970nam a2200241 a 4500008004100000020001500041050001400056100003100070245011200101260004900213300002000262350000900282490003900291650001400330650002600344650002200370650002700392700002500419700002900444995010800473999001700581952013000598090402s2000 ||||||||||||||||| || u a0826513573 aT 385 Cur aSchumaker, Larry L., 1939-10aCurve and surface fitting: Saint-Malo 99cedited by Albert Cohen, Christophe Rabut [and] Larry L. Schumaker aNashvillebVanderbilt University Pressc2000 axx, 420p.: ill. a0.00 aInnovations in applied mathematics aCOMPUTING aCOMPUTER-AIDED DESIGN 0aCOMPUTER GRAPHICS aCURVES ALGEBRAIC--DATA aCohen, Albert, 1965- aRabut, Christophe, 1951- D0.00FCBU-MAIN LIBRARY (Kitwe)H1I0.00M1UAVAILABLEWApr 2, 2009ZMain Library Open Access Collection c39323d39323 00102lcc4070a001b001cMain Library Open Access Collectiond2022-11-30l0oT 385 Curp739697r2022-11-30w2022-11-30y002